| 000 | 00462nam a22001577a 4500 | ||
|---|---|---|---|
| 003 | OSt | ||
| 005 | 20220909232031.0 | ||
| 008 | 220909b |||||||| |||| 00| 0 eng d | ||
| 040 | _cBiblioteca Lado V | ||
| 082 |
_a708 _bG154ga |
||
| 110 | _aGalerie Orangerie-Reinz Koln | ||
| 245 | _aGalerie Orangerie-Reinz Koln/ | ||
| 260 |
_aAlemania _bGalerie Orangerie-Reinz Koln _c1989 |
||
| 300 |
_a47p. _c24x30cm |
||
| 942 |
_2ddc _c1 _h708 _iG154ga _n0 |
||
| 999 |
_c1997 _d1997 |
||